Six Letter Geography - Hero Mode - Statistics

General Stats
  • This quiz has been taken 14,685 times
  • The average score is 8 of 20
Answer Stats
Hint Answer % Correct
Island in the English channel which a U.S. state is named for Jersey
85%
The richest country in South America thanks to a recent oil discovery Guyana
83%
Native American tribe whose reservation in Arizona is larger than 10 U.S. states Navajo
65%
Region composed of Syria, Jordan, Israel, Lebanon, and Cyprus Levant
64%
Capital of Tasmania Hobart
63%
Norway's second largest city Bergen
62%
Gulf on which Nigeria and Ghana lie Gulf of {Guinea}
53%
Town in Italy where St. Francis was born Assisi
48%
Region along the Pakistan / India border home to 200 million people speaking a common language Punjab
47%
Largest city in the Amazon rainforest Manaus
46%
City whose astronomical clock has been in operation since before 1410 AD Prague
34%
The westernmost city in Germany, it was home to the court of Charlemagne Aachen
32%
State in southern Mexico known for its mole sauce Oaxaca
28%
State in southwestern India with India's highest life expectancy and lowest poverty rate Kerala
25%
Capital of Chechnya Grozny
24%
Come, friendly bombs, and fall on this town in Berkshire where the British version of "The Office" was set Slough
21%
Historical region of Greece composed of Athens and its immediate surroundings Attica
20%
Province in the Philippines known for the "Death March" endured by POWs in WWII Bataan
17%
Croatia's principal port, its name means "river" Rijeka
16%
The oldest city in Taiwan, it was founded by the Dutch Tainan
10%
No matching quizzes found
Score Distribution
Percent of People with Each Score
Percentile by Number Answered
Your Score History
You have not taken this quiz